[Event "Paleochora op 17th"]
[White "Vasquez Toledo, Cristian"]
[Black "Cornileau, Raphael"]
[Site "Paleochora"]
[Round "9"]
[Result "1-0"]
[Date "2024.07.27"]
[WhiteElo "2303"]
[BlackElo "1814"]
[PlyCount "81"]
[EventDate "2024.07.20"]
[EventType "swiss"]
[EventRounds "9"]
[EventCountry "GRE"]
[SourceTitle "CBM 221 Extra"]
[Source "ChessBase"]
[SourceDate "2024.09.30"]
[SourceVersion "1"]
[SourceVersionDate "2024.09.30"]
[SourceQuality "1"]

1. e4 e5 2. Nf3 Nc6 3. Bc4 Bc5 4. d3 Nf6 5. 0-0 0-0 6. h3 h6 7. Re1 Re8 8. Nbd2 a6 9. a3 d5 10. exd5 Nxd5 11. Ne4 Bb6 12. Bxh6 Be6 13. Bd2 f6 14. Nh4 Qd7 15. Qh5 Nde7 16. Qg4 Kf7 17. Nf3 Nd5 18. Qh5+ Kg8 19. Nh4 Nce7 20. Ng6 Nxg6 21. Qxg6 Qf7 22. Qg3 Ne7 23. Bxe6 Qxe6 24. Qf3 Nf5 25. Be3 Bxe3 26. fxe3 b6 27. Rf1 Nd6 28. Rf2 Rad8 29. Raf1 Nxe4 30. Qxe4 Rd6 31. Rf5 Qf7 32. Qh4 Qa2 33. Rh5 Kf7 34. Rh7 Rg8 35. Qh5+ Kf8 36. Qxe5 Re6 37. Qc3 Rxe3 38. Rxf6+ gxf6 39. Qxf6+ Ke8 40. Qc6+ Kf8 41. Qa8+ 1-0

[Event "Norway Chess op"]
[White "Mesar, Antun"]
[Black "Cornileau, Raphael"]
[Site "Stavanger"]
[Round "4"]
[Result "1-0"]
[Date "2024.05.26"]
[WhiteElo "1890"]
[BlackElo "1784"]
[PlyCount "87"]
[EventDate "2024.05.24"]
[EventType "swiss"]
[EventRounds "9"]
[EventCountry "NOR"]
[SourceTitle "CBM 220 Extra"]
[Source "ChessBase"]
[SourceDate "2024.07.31"]
[SourceVersion "1"]
[SourceVersionDate "2024.07.31"]
[SourceQuality "1"]

1. e4 e5 2. Nc3 Nc6 3. g3 Nf6 4. Bg2 Bc5 5. Nge2 d6 6. Na4 Bb6 7. Nxb6 axb6 8. 0-0 d5 9. exd5 Nxd5 10. d4 exd4 11. Nxd4 0-0 12. Nxc6 bxc6 13. c4 Ne7 14. Bf4 Qxd1 15. Rfxd1 Be6 16. Bxc7 Bxc4 17. Bxb6 Bd5 18. Bc5 Rfe8 19. Bxe7 Bxg2 20. Kxg2 Rxe7 21. Rd2 f6 22. Rc2 Ra6 23. a3 Rb7 24. Rd1 Rb3 25. Rd6 Kf7 26. Rdxc6 Rxc6 27. Rxc6 Rxb2 28. Rc7+ Kg6 29. h4 Rb3 30. Ra7 h5 31. Ra4 Kf5 32. Ra7 Kg6 33. a4 Ra3 34. a5 Kh6 35. a6 Kg6 36. Ra8 Kf5 37. f3 Ra2+ 38. Kf1 Kg6 39. Ra7 f5 40. Ra8 Kf7 41. Kg1 Kg6 42. a7 Kf7 43. Kf1 g6 44. Rh8 1-0

[Event "Norway Chess op"]
[White "Zylka, Stanislaw"]
[Black "Cornileau, Raphael"]
[Site "Stavanger"]
[Round "2"]
[Result "1-0"]
[Date "2024.05.25"]
[WhiteElo "2396"]
[BlackElo "1784"]
[PlyCount "87"]
[EventDate "2024.05.24"]
[EventType "swiss"]
[EventRounds "9"]
[EventCountry "NOR"]
[SourceTitle "CBM 220 Extra"]
[Source "ChessBase"]
[SourceDate "2024.07.31"]
[SourceVersion "1"]
[SourceVersionDate "2024.07.31"]
[SourceQuality "1"]

1. b4 d5 2. Bb2 c6 3. e3 Bf5 4. Nf3 Nf6 5. c4 e6 6. cxd5 exd5 7. a3 Bd6 8. Bxf6 Qxf6 9. d4 0-0 10. Nbd2 a6 11. Nb3 Nd7 12. Nc5 Nxc5 13. bxc5 Bc7 14. Bd3 Ba5+ 15. Ke2 Bxd3+ 16. Qxd3 Qe7 17. g3 Rad8 18. Rhb1 f6 19. Rb2 Rd7 20. Rab1 Rf7 21. Qc2 Qd8 22. Kf1 Rfe7 23. Kg2 g6 24. h4 Qc8 25. h5 Qe8 26. Nh4 Rg7 27. Nf3 g5 28. g4 Qe6 29. Qf5 Qxf5 30. gxf5 h6 31. Nh2 Rge7 32. Ng4 Kg7 33. Kf3 Rc7 34. Rb3 Rcd7 35. Ke2 Rf7 36. Kd3 Rde7 37. f3 Kh7 38. e4 Bd8 39. e5 fxe5 40. Nxe5 Rxf5 41. Rxb7 Rxb7 42. Rxb7+ Kg8 43. Rb8 Rf8 44. Nxc6 1-0

[Event "FRA-ch Blitz Online Qual"]
[White "Cornileau, Raphael"]
[Black "Frey, Thierry"]
[Site "Europe Echecs INT"]
[Round "12"]
[Result "1-0"]
[Date "2020.05.16"]
[WhiteElo "1397"]
[BlackElo "1792"]
[PlyCount "115"]
[EventDate "2020.05.16"]
[EventType "swiss (blitz)"]
[EventRounds "15"]
[EventCountry "FRA"]
[SourceTitle "CBM 196 Extra"]
[Source "ChessBase"]
[SourceDate "2020.07.31"]
[SourceVersion "1"]
[SourceVersionDate "2020.07.31"]
[SourceQuality "1"]

1. e4 c5 2. Nf3 d6 3. Nc3 a6 4. d4 cxd4 5. Nxd4 Nf6 6. Be3 e5 7. Nf3 Be7 8. Bc4 0-0 9. 0-0 b5 10. Be2 Bb7 11. Bd3 Nbd7 12. Re1 Rc8 13. Bg5 h6 14. Be3 Qc7 15. Bd2 Nc5 16. Qe2 Ne6 17. Qd1 b4 18. Nb1 a5 19. c3 Nc5 20. Qc2 Nxd3 21. Qxd3 Qc5 22. cxb4 axb4 23. Be3 Qc2 24. Qxc2 Rxc2 25. b3 Rfc8 26. Nbd2 Ba6 27. Nf1 Bd3 28. N3d2 Nxe4 29. Nxe4 Bxe4 30. Bxh6 Bxg2 31. Kxg2 gxh6 32. Ne3 R2c5 33. Nf5 Bg5 34. Nxd6 Rd8 35. Nc4 Rd4 36. Rxe5 Rg4+ 37. Kf3 Rf4+ 38. Kg3 Rxe5 39. Nxe5 Kg7 40. Nf3 Re4 41. Re1 Rxe1 42. Nxe1 Bd2 43. Nd3 Kf6 44. f3 Kf5 45. Kf2 f6 46. Ke2 Bc3 47. Kf2 Ke6 48. Nc5+ Kd5 49. Ne4 Ke5 50. Nxc3 bxc3 51. Ke3 Kd5 52. Kd3 c2 53. Kxc2 Kc5 54. a4 Kb4 55. Kd3 f5 56. Ke3 Kxb3 57. a5 f4+ 58. Kxf4 1-0

[Event "FRA-ch Blitz Online Qual"]
[White "Courcelle, Victor"]
[Black "Cornileau, Raphael"]
[Site "Europe Echecs INT"]
[Round "6"]
[Result "0-1"]
[Date "2020.05.16"]
[WhiteElo "1314"]
[BlackElo "1397"]
[PlyCount "162"]
[EventDate "2020.05.16"]
[EventType "swiss (blitz)"]
[EventRounds "15"]
[EventCountry "FRA"]
[SourceTitle "CBM 196 Extra"]
[Source "ChessBase"]
[SourceDate "2020.07.31"]
[SourceVersion "1"]
[SourceVersionDate "2020.07.31"]
[SourceQuality "1"]

1. c4 e5 2. Nc3 Nf6 3. Nf3 Nc6 4. e3 d5 5. cxd5 Nxd5 6. d4 exd4 7. Nxd4 Nxc3 8. bxc3 Nxd4 9. cxd4 Bb4+ 10. Bd2 Bxd2+ 11. Qxd2 0-0 12. Bd3 c6 13. 0-0 Be6 14. Qe2 Qg5 15. Qf3 Rfe8 16. Qe4 g6 17. Qf3 f5 18. e4 fxe4 19. Bxe4 Bg4 20. Qd3 Bh3 21. Qxh3 Rxe4 22. Rfd1 Rae8 23. Qb3+ Kh8 24. Qxb7 Re2 25. Qxc6 Qf4 26. Qf3 Qd6 27. Kf1 Qa6 28. Kg1 Qa5 29. Kf1 Qb5 30. Kg1 Qb4 31. Kf1 Kg7 32. Rac1 Qb5 33. Rc7+ R8e7 34. Rxe7+ Rxe7+ 35. Qd3 Qa5 36. Qd2 Qb6 37. Kg1 Qe6 38. d5 Qe5 39. Kf1 Rd7 40. Qd4 Kf6 41. Qxe5+ Kxe5 42. d6 Rxd6 43. Rxd6 Kxd6 44. Ke2 Kc5 45. Kd2 Kb4 46. Kc2 Ka3 47. Kb1 g5 48. g3 h6 49. h4 gxh4 50. gxh4 Kb4 51. f3 Kc5 52. Kb2 Kd4 53. Kb3 Ke3 54. a4 Kxf3 55. Kb4 Kg4 56. a5 Kxh4 57. Kb5 Kg3 58. Ka6 h5 59. Kxa7 h4 60. a6 h3 61. Kb7 h2 62. a7 h1Q+ 63. Kb8 Qb1+ 64. Ka8 Qe4+ 65. Kb8 Qe8+ 66. Kb7 Qd7+ 67. Kb8 Qd6+ 68. Kb7 Qd5+ 69. Kb8 Qb5+ 70. Ka8 Qc6+ 71. Kb8 Qb6+ 72. Ka8 Qc6+ 73. Kb8 Qd6+ 74. Kb7 Qd7+ 75. Kb6 Qc8 76. Ka5 Qa8 77. Kb6 Kf4 78. Ka6 Ke5 79. Kb6 Kd6 80. Ka6 Kc5 81. Ka5 Qxa7# 0-1

[Event "FRA-ch Blitz Online Qual"]
[White "Spagnoli, Benjamin"]
[Black "Cornileau, Raphael"]
[Site "Europe Echecs INT"]
[Round "10"]
[Result "1-0"]
[Date "2020.05.16"]
[WhiteElo "1770"]
[BlackElo "1397"]
[PlyCount "95"]
[EventDate "2020.05.16"]
[EventType "swiss (blitz)"]
[EventRounds "15"]
[EventCountry "FRA"]
[SourceTitle "CBM 196 Extra"]
[Source "ChessBase"]
[SourceDate "2020.07.31"]
[SourceVersion "1"]
[SourceVersionDate "2020.07.31"]
[SourceQuality "1"]

1. d4 d5 2. c4 c6 3. Nc3 Nf6 4. Nf3 Bf5 5. cxd5 cxd5 6. Qb3 Bc8 7. Bg5 e6 8. e3 b6 9. Rc1 Bb7 10. Bb5+ Nbd7 11. Ne5 Bc8 12. Nc6 Qc7 13. Bf4 Bd6 14. Bxd6 Qxd6 15. Ne5 0-0 16. Bc6 Rb8 17. Nb5 Qe7 18. Bxd7 Bxd7 19. Rc7 Qe8 20. Nxa7 Ba4 21. Qb4 Bd7 22. 0-0 Qd8 23. Rxd7 Nxd7 24. Nac6 Qc7 25. Nxb8 Nxe5 26. Na6 Qb7 27. Nc5 Nc6 28. Qb5 Qc7 29. Na6 Qb7 30. Rc1 Nb8 31. Nc5 Qa7 32. Na4 Na6 33. h3 Qa8 34. Qxb6 Rc8 35. Rxc8+ Qxc8 36. Kh2 Nc7 37. Nc5 Qd8 38. Qc6 Ne8 39. Qd7 Qxd7 40. Nxd7 Nf6 41. a4 Nxd7 42. a5 Nb8 43. b4 Kf8 44. b5 Ke7 45. a6 Kd7 46. a7 Kc7 47. a8Q Kc8 48. b6 1-0